| 000 | 00667nam a22002657a 4500 | ||
|---|---|---|---|
| 003 | UA-OsUOA | ||
| 001 | 24596 | ||
| 007 | ta | ||
| 008 | 20040223b un ||||| |||| 00| 0 ukr d | ||
| 100 | _aТатаренко Н.О. | ||
| 700 | _aПоручник А.М. | ||
| 090 |
_a330.322(075.8) _bТ23 |
||
| 942 | _cBK | ||
| 040 |
_aUA-OsUOA _bukr _cUA-OsUOA _dUA-OsUOA |
||
| 245 |
_aТеорії інвестицій _bНавчальний посібник |
||
| 300 | _a160 с. | ||
| 955 | _a0 | ||
| 041 | _aukr | ||
| 080 | _a330.322(075.8) | ||
| 020 | _a966-574-073-3 | ||
| 260 |
_aКиїв _bКНЕУ _c2000 |
||
| 044 | _aUA | ||
| 650 | 7 | _2UDC | |
| 999 |
_c310874 _d310874 |
||